Ministres du Gouvernement Bayrou - Statistiques

Statistiques générales
  • Ce quiz a été pris 67 fois
  • Le résultat moyen est 11 sur 16
Statistiques - réponses
Par images Réponse % Correct
Elisabeth Borne
98%
Gérald Darmanin
97%
Manuel Valls
97%
Rachida Dati
97%
Bruno Retailleau
80%
Sébastien Lecornu
73%
Aurore Bergé
65%
Catherine Vautrin
65%
Agnès Pannier-Runacher
62%
Jean-Noël Barrot
62%
Éric Lombard
57%
Amélie de Montchalin
53%
François Rebsamen
48%
Laurent Saint-Martin
38%
Benjamin Haddad
37%
Marie Barsacq
27%
Aucun quiz correspondant
Distribution des résultats
% des personnes avec chaque résultat
Percentile par nombre de réponses
Votre historique - résultats
Vous n’avez pas pris ce quiz